Steve Jobs & Steve Wozniak : (Record no. 33979)
[ view plain ]
| 000 -LEADER | |
|---|---|
| fixed length control field | 01418cam a2200397 a 4500 |
| 001 - CONTROL NUMBER | |
| control field | 15827749 |
| 003 - CONTROL NUMBER IDENTIFIER | |
| control field | OSt |
| 005 - DATE AND TIME OF LATEST TRANSACTION | |
| control field | 20140310184353.0 |
| 008 - FIXED-LENGTH DATA ELEMENTS--GENERAL INFORMATION | |
| fixed length control field | 090721s2010 nyua j 001 0ceng |
| 010 ## - LIBRARY OF CONGRESS CONTROL NUMBER | |
| LC control number | 2009030214 |
| 020 ## - INTERNATIONAL STANDARD BOOK NUMBER | |
| International Standard Book Number | 9780531237304 (reinforced bdg.) |
| 020 ## - INTERNATIONAL STANDARD BOOK NUMBER | |
| International Standard Book Number | 0531223515 |
| 020 ## - INTERNATIONAL STANDARD BOOK NUMBER | |
| International Standard Book Number | 9780531223512 |
| 035 ## - SYSTEM CONTROL NUMBER | |
| System control number | (OCoLC)ocn427704558 |
| 040 ## - CATALOGING SOURCE | |
| Original cataloging agency | DLC |
| Transcribing agency | DLC |
| Modifying agency | IG# |
| -- | DLC |
| 042 ## - AUTHENTICATION CODE | |
| Authentication code | lcac |
| 043 ## - GEOGRAPHIC AREA CODE | |
| Geographic area code | n-us--- |
| 050 00 - LIBRARY OF CONGRESS CALL NUMBER | |
| Classification number | QA 76.2.A2 |
| Item number | .V465 2010 |
| 100 1# - MAIN ENTRY--PERSONAL NAME | |
| Personal name | Venezia, Mike. |
| 9 (RLIN) | 24604 |
| 245 10 - TITLE STATEMENT | |
| Title | Steve Jobs & Steve Wozniak : |
| Remainder of title | geek heroes who put the personal in computers / |
| Statement of responsibility, etc | written and illustrated by Mike Venezia. |
| 246 3# - VARYING FORM OF TITLE | |
| Title proper/short title | Steve Jobs and Steve Wozniak |
| 260 ## - PUBLICATION, DISTRIBUTION, ETC. (IMPRINT) | |
| Place of publication, distribution, etc | New York : |
| Name of publisher, distributor, etc | Scholastic Inc., |
| Date of publication, distribution, etc | 2010. |
| 300 ## - PHYSICAL DESCRIPTION | |
| Extent | 32 p. : |
| Other physical details | ill. (some col.) ; |
| Dimensions | 25 cm. |
| 490 1# - SERIES STATEMENT | |
| Series statement | Getting to know the world's greatest inventors & scientists |
| 521 1# - TARGET AUDIENCE NOTE | |
| Target audience note | |
| 526 ## - STUDY PROGRAM INFORMATION NOTE | |
| Reading level | 940 |
| 650 #0 - SUBJECT ADDED ENTRY--TOPICAL TERM | |
| Topical term or geographic name as entry element | Computer engineers |
| Geographic subdivision | United States |
| Form subdivision | Biography |
| -- | Juvenile literature. |
| 9 (RLIN) | 25389 |
| 650 #1 - SUBJECT ADDED ENTRY--TOPICAL TERM | |
| Topical term or geographic name as entry element | Computer engineers. |
| 9 (RLIN) | 25390 |
| 800 1# - SERIES ADDED ENTRY--PERSONAL NAME | |
| Personal name | Venezia, Mike. |
| Title of a work | Getting to know the world's greatest inventors & scientists. |
| 9 (RLIN) | 25391 |
| 906 ## - LOCAL DATA ELEMENT F, LDF (RLIN) | |
| a | 7 |
| b | cbc |
| c | orignew |
| d | 1 |
| e | ecip |
| f | 20 |
| g | y-gencatlg |
| 942 ## - ADDED ENTRY ELEMENTS (KOHA) | |
| Source of classification or shelving scheme | Library of Congress Classification |
| Koha item type | |
| Withdrawn status | Lost status | Source of classification or shelving scheme | Damaged status | Home library | Current library | Shelving location | Date acquired | Total Checkouts | Full call number | Barcode | Date last seen | Copy number | Price effective from | Koha item type |
|---|---|---|---|---|---|---|---|---|---|---|---|---|---|---|
| Library of Congress Classification | Luxembourg Library | Luxembourg Library | Scholastic Reading Center Section | 10/07/2013 | QA 76.2.A2 .V465 2010 | LEX1275 | 04/18/2017 | 1 | 10/07/2013 | Books | ||||
| Library of Congress Classification | Luxembourg Library | Luxembourg Library | Scholastic Reading Center Section | 10/07/2013 | QA 76.2.A2 .V465 2010 | LEX1274 | 04/18/2017 | 2 | 10/07/2013 | Books | ||||
| Library of Congress Classification | Luxembourg Library | Luxembourg Library | Scholastic Reading Center Section | 10/22/2013 | QA 76.2.A2 .V465 2010 | SCHO0434 | 04/18/2017 | 3 | 10/22/2013 | Books |